Cours de droit administratif professé a la Faculté de Droit de París / (Registro nro. 158346)

Detalles MARC
000 -LEADER
campo de control de longitud fija 00838nam a2200181 i 4500
001 - NÚMERO DE CONTROL
campo de control 158346
003 - IDENTIFICADOR DE NÚMERO DE CONTROL
campo de control ES-MaACL
005 - FECHA Y HORA DE LA ÚLTIMA TRANSACCIÓN
campo de control 20230906211115.0
008 - DATOS DE LONGITUD FIJA--INFORMACIÓN GENERAL
campo de control de longitud fija 940202m18441846fr |||| | fre d
040 ## - FUENTE DE CATALOGACIÓN
Centro catalogador/agencia de origen AS
Lengua de catalogación spa
100 1# - ENTRADA PRINCIPAL--NOMBRE DE PERSONA
Nombre de persona Macarel, Louis Antoine (
Fechas asociadas al nombre 1790-1851)
9 (RLIN) 129280
245 10 - MENCIÓN DEL TÍTULO
Título Cours de droit administratif professé a la Faculté de Droit de París /
Mención de responsabilidad, etc. par M. Macarel.
260 ## - PUBLICACIÓN, DISTRIBUCIÓN, ETC.
Lugar de publicación, distribución, etc. Paris :
Nombre del editor, distribuidor, etc. Gustave Thorel, libraire, sucesseur d'Alex-Gobelet,
Fecha de publicación, distribución, etc. 1844-1846.
300 ## - DESCRIPCIÓN FÍSICA
Extensión 4 v. ;
Dimensiones 21 cm.
505 8# - NOTA DE CONTENIDO CON FORMATO
Nota de contenido con formato T.I, 1844 (VIII, 679 p.) - T.II, 1844 (956 p.) - T.III, 1846 (VII, 488 p.) - T.IV, 1846 (VII, 546 p.)
650 #4 - PUNTO DE ACCESO ADICIONAL DE MATERIA--TÉRMINO DE MATERIA
Término de materia o nombre geográfico como elemento de entrada Derecho administrativo-
Subdivisión geográfica Francia.
9 (RLIN) 150731
852 ## - LOCALIZACIÓN
Ubicación ES-MaACL
Número de control de estantería G-12963-66
Nota libre -- Enc. hol.
Encuadernación -- Edic.: T.I, 1844 (VIII, 679 p.) - T.II, 1844 (956 p.) - T.III, 1846 (VII, 488 p.) - T.IV, 1846 (VII, 546 p.)
Existencias
Estatus retirado Estado de pérdida Estado de daño No para préstamo Colección Biblioteca de origen Biblioteca actual Ubicación en estantería Fecha de adquisición Total de préstamos Signatura topográfica completa Código de barras Visto por última vez Precio de reemplazo Tipo de ítem Koha
        Libros del s. XIX Biblioteca del Ateneo de Madrid Biblioteca del Ateneo de Madrid Sala Pecera Planta 3 17/01/2008   G-12963-66 1165728 23/02/2023 23/02/2023 Libro impreso antiguo